Nicole Kidman Movies Quiz Stats

 Plays Quiz Updated Jan 1, 2021

Support Sporcle.
Go Orange.
Score 0/64 Timer 10:00
2 Plays Today
Year Movie % Correct
2001Moulin Rouge!
73.6%
1999Eyes Wide Shut
69.5%
2002The Hours
66.8%
2008Australia
63.8%
2001The Others
58.1%
1990Days of Thunder
57.4%
1992Far and Away
53.5%
2018Aquaman
50.7%
2005Bewitched
50.3%
2003Cold Mountain
46.8%
2019Bombshell
45.9%
1995Batman Forever
45.9%
2004The Stepford Wives
45.6%
2014Grace of Monaco
44.7%
2016Lion
43%
2007The Golden Compass
42.6%
1995To Die For
34.3%
2005The Interpreter
32.6%
1998Practical Magic
32.4%
2014Paddington
30.7%
2013Stoker
30.6%
1989Dead Calm
30.5%
2017The Beguiled
30.5%
2012The Paperboy
30.3%
2004Birth
29.6%
2018Boy Erased
26.4%
2007Margot at the Wedding
26.3%
2018Destroyer
26%
2006Happy Feet
25.8%
2006Fur: An Imaginary Portrait of Diane Arbus
25.6%
2020The Prom
24.9%
2015The Family Fang
24.7%
Year Movie % Correct
2017The Killing of a Sacred Deer
24.7%
2007The Invasion
22.5%
2001Birthday Girl
22.3%
1997The Peacemaker
22.3%
2015Secret in Their Eyes
21.9%
2003Dogville
21.2%
2014Before I Go to Sleep
20.9%
2019The Goldfinch
20.1%
2017How to Talk to Girls at Parties
20%
2015Queen of the Desert
19.7%
1993Malice
19.6%
2011Trespass
19%
1983BMX Bandits
18.7%
2010Rabbit Hole
18.4%
2017The Upside
17.8%
1996The Portrait of a Lady
17.8%
2016Genius
17.4%
2013The Railway Man
17%
2003The Human Stain
16.7%
2015Strangerland
16.6%
2009Nine
16.5%
2011Just Go with It
15.8%
1991Billy Bathgate
14.1%
1991Flirting
12.9%
1993My Life
12.4%
1983Bush Christmas
9.5%
1988Emerald City
8.4%
1996The Leading Man
7.9%
1986Windrider
7.7%
1985Wills & Burke
6.7%
1987The Bit Part
6.6%
1987Watch the Shadows Dance
6.3%

From the Vault

Images That Start with 'Q'

by sproutcm

We have some very serious questions about this quiz.
Remove Ads.
Support Sporcle.
Get the best of Sporcle when you Go Orange. This ad-free experience offers more features, more stats, and more fun while also helping to support Sporcle. Thank you for becoming a member.

Show Comments

Extras

Top Quizzes Today


Score Distribution

Your Account Isn't Verified!

In order to create a playlist on Sporcle, you need to verify the email address you used during registration. Go to your Sporcle Settings to finish the process.

Report this User

Report this user for behavior that violates our Community Guidelines.

Details: